Trouvez les paroles - Boule au ventre, Héléna - Statistiques

Statistiques générales
  • Ce quiz a été pris 258 fois
  • Le résultat moyen est 198 sur 251
Statistiques - réponses
Answerpour % Correct
ma
97%
la
94%
94%
à
93%
et
92%
Et
92%
te
92%
au
91%
boule
91%
Ce
91%
ce
91%
de
91%
des
91%
ventre
91%
le
90%
Le
90%
en
89%
ta
89%
tout
89%
main
88%
Pose
88%
pose
88%
J'ai
87%
j'ai
87%
que
87%
qui
87%
se
87%
juste
86%
moi
86%
pas
86%
sur
86%
sûr
86%
boules
85%
dans
85%
est
85%
Est
85%
j'vais
85%
J'vais
85%
noeuds
85%
dire
84%
fait
84%
bras
83%
c'qui
83%
Laisse
83%
mon
83%
soir
83%
tes
83%
d'angoisse
82%
pleurer
82%
m'fait
81%
seule
81%
Seule
81%
ca
79%
Ca
79%
comme
79%
encore
79%
On
79%
on
79%
tremble
79%
voix
79%
j'panique
77%
novembre
77%
sens
77%
sourire
77%
t'mentir
77%
j'crise
76%
J'crois
76%
j'crois
76%
gueule
75%
J'comprends
75%
j'comprends
75%
j'me
75%
milliers
75%
triste
75%
gris
74%
Dis
73%
heureuse
73%
il
72%
Il
72%
pour
71%
s'passe
70%
l'coeur
69%
aussi
68%
peur
68%
seum
66%
bat
65%
être
65%
honte
65%
pourtant
65%
gens
64%
distance
63%
vide
63%
heureusement
62%
immense
62%
Plus
62%
plus
62%
trouble
62%
montent
61%
qu'ca
61%
souffle
61%
une
61%
vagues
61%
vue
61%
les
60%
m'aiment
60%
regard
60%
coupé
59%
c'que
59%
m'perdre
59%
s'éteigne
59%
j'voulais
58%
m'dit
58%
quand
57%
s'agrippe
57%
qu'ma
56%
qu't'es
56%
s'comprend
56%
Bien
55%
Lui
55%
puis
55%
lumières
54%
s'éteignent
54%
s'manque
53%
serre
52%
s'guérit
52%
bade
41%
Aucun quiz correspondant
Distribution des résultats
% des personnes avec chaque résultat
Percentile par nombre de réponses
Votre historique - résultats
Vous n’avez pas pris ce quiz